00699nam a22001817a 4500008003300000050001500033100001000048240008300058245012000141260003700261300001800298337001000316338001400326500006900340650003500409650003000444700004300474140911s2006 mx aco 00 0 SPA d aHV8074 C381 eautor aManual de introducción al estudio de la grafoscopía: y un caso práctico 1 aManual de introducción al estudio de la grafoscopía b: y un caso práctico cJosé Luis, Ruvalcaba Higareda aMéxico b: INM-INACIPEc, 2006 a28 páginas  atexto asin medio aPlan flexible Criminalistica / Grafoscopía (B08-2) (03 006855)142ESTRUCTURA xIDENTIFICACIÓN 242INVESTIGACIÓN CRIMINAL 1 aRUBALCABA HIGAREDA, José Luiseautor